000 00629nas a2200229 4500
001 BR9207173
003 BR-BrBNA
005 20231205100503.0
007 ta
008 230509b bl.|||p| |||| 00| 00por d
040 _aBR-BrBNA
_bpor
_cBiblioteca Nacional de Agricultura
041 _a(Pt)
072 _aL73
100 1 _aAnon.
245 1 _aA guerra contra a colibacilose
650 _aAve Domestica
650 _aColibacilose
650 _aControle Quimico
773 0 _tAves e Ovos (Brazil)
_xISSN 0005-2000
_g(Dec 1990), v. 6(2) p. 22
_wBR9207173
909 _a202311
_bLúcia
_c55
_dLúcia Elande
942 _2AGRIS
_n0
_cANA
999 _c156309
_d156309